| 000 | 00710nam a2200169Ia 4500 | ||
|---|---|---|---|
| 008 | 090711s9999 xx 000 0 und d | ||
| 082 | _b72910 | ||
| 100 | _aमोरजे गंगाधर | ||
| 245 | _aलोक साहित्य एक स्वतंत्र अभ्यास क्षेत्र | ||
| 260 | _c1993 | ||
| 300 | _a107 | ||
| 600 | _aमोरजे गंगाधर | ||
| 630 | _aलोक साहित्य एक स्वतंत्र अभ्यास क्षेत्र | ||
| 700 | _aमोरजे गंगाधर | ||
| 730 | _aलोक साहित्य एक स्वतंत्र अभ्यास क्षेत्र | ||
| 942 | _cBOOK | ||
| 999 |
_c311535 _d311535 |
||